| 000 | 01107nam0a22003131 4500 | ||
|---|---|---|---|
| 001 | RU\NLR\A2\6026 | ||
| 005 | 20251203171251.9 | ||
| 035 | _a(NLR Aleph) 009859543 | ||
| 090 |
_a10380785 _c10380785 |
||
| 100 | _a19971022d1790 u y0rusy50 ba | ||
| 101 | 0 | _afre | |
| 102 | _aRU | ||
| 200 | 1 |
_aSur la maladie de feu le prince Paul de Gagarin, lieutenant général, premier commendant de la ville de Moscou et chevalier de l'ordre St. George _fPar E. Wichelhausen, docteur en médecine, assesseur de College et médicin pensionné de Sa Majesté Impériale |
|
| 210 |
_aMoscou [Moskva] _cSe vend chez Uhthoff et Bieber _d1790 |
||
| 215 |
_a[2], 26 с. _d8° |
||
| 321 | 1 | _aСК XVIII(ин.) 3076 | |
| 600 | 1 |
_6z01690 _aGagarin _bP.S. _f1747-1789 _gPavel Sergeevič |
|
| 620 | _dMoskva | ||
| 690 | 1 |
_6z01600 _aGagarin _gPaul |
|
| 700 | 1 |
_aWichelhausen _bE. _f1760-1814 _gEngelbrecht _4070 |
|
| 702 | 1 |
_aBieber _bJ. _4160 |
|
| 702 | 1 |
_aUthoff _bJ. D. _4160 |
|
| 801 | 0 |
_aRU _bNLR _c19971022 |
|
| 852 |
_aNLR _bRossica _j13.18.7.41 |
||
| 942 | _cBOOK | ||
| 980 | _aNB | ||
| 980 | _aRossica | ||
| 980 | _ain18 | ||